000 00437 a2200157 4500
003 NUST
038 _aMuhammad Ibrahim
082 _a355.480904
_bCOH 1995
100 _aCohen, Eliot A.
_948704
245 _aMilitary Misfortunes The Anatomy of Failure in War
_cEliot A. Cohen
260 _aLahore :
_bService Book Club,
_c1995
300 _aviii, 296p. :
_c24 cm
563 _aH.B
650 _aMilitary Wars
_991153
942 _2ddc
_cBK
999 _c589313
_d589313